| 000 | 00791nam a2200229 i 4500 | ||
|---|---|---|---|
| 001 | bg | ||
| 245 | 0 | 0 |
_aMetody doskonalenia działalności organizacyjnej i ekonomicznej przedsiębiorstwa / _cpod red. nauk. Zdzisława Cygana ; [aut. Zdzisław Cygan et al.]. |
| 260 |
_aWarszawa : _bWyższa Szkoła Ekonomiczno-Informatyczna, _c1999. |
||
| 300 |
_a308 s. : _brys., wykr. ; _c23 cm. |
||
| 504 | _aBibliogr. przy rozdz. | ||
| 650 | 9 |
_aPrzedsiębiorstwo _xorganizacja _xmetody |
|
| 650 | 9 |
_aZarządzanie _xmetody |
|
| 655 | _aPodręczniki akademickie | ||
| 700 | 1 |
_aCYGAN, Zdzisław _d(1928- ). _eRed. |
|
| 020 | _a8387982105 | ||
| 040 | _cBPK | ||
| 041 | 0 | _apl | |
| 080 | _a658.1/.5.012.4(075.8) | ||
| 920 | _a83-87982-10-5 | ||
| 942 | _cKS | ||
| 008 | s pl f |000 0 pol | ||
| 999 |
_c36163 _d36163 |
||
| 856 |
_uhttp://koha.tu.koszalin.pl/cgi-bin/koha/opac-detail.pl?biblionumber=36163 _yKatalog online BPK |
||